000 01300nam a2200265 i 4500
003 DO-SdBNP
005 20251118113753.0
007 ta
008 210426b200- dr a|||| |||| 00| 0 spa d
040 4 _aDO-SdBNP
_bspa
_cBNPHU
_erda
082 4 _a332.123
_bB213b
_222
110 2 _aBanco Popular Dominicano
_96892
245 _aBanquero joven popular :
_bmanual de uso del estudiante /
_cBanco Popular Dominicano
264 _as.l. :
_bPopular,
_c200-.
300 _a27 páginas :
_bilustraciones,
_c29 cm.
336 _2rdacontent
_atexto
_btxt
337 _2rdamedia
_asin mediación
_bn
338 _2rdacarrier
_avolumen
_bnc
505 _aContenido
_tReseña del Banco Popular --
_tReseña de Junior Achievement --
_tLas finanzas personales --
_t Gasto y Presupuesto ( activos y posivos) --
_tAhorro (¿Cómo crece el dinero?) --
_tInversión --
_tPlan de retiro AFP Popular --
_t¿Qué es el programa Banquero Joven Popular? --
_tLa actividad bancaria --
_tLas desiciones --
_tEl informe --
_tLa dinámica --
_tLogística de implementación del programa en los centros educativos --
_tDetalles del programa --
_t¿Cómo funciona un banco.
590 _aInventariado, 2021 / SA
650 7 _aBancos
_97047
650 7 _aBancos
_97047
_zRepública Dominicana
_xHistoria
910 _aBtavárez
942 _2ddc
_cLF2
999 _c49783
_d49783